| 000 | 01114nam a2200277 i 4500 | ||
|---|---|---|---|
| 001 | bg | ||
| 100 | 1 | _aLEWICKI, Bohdan | |
| 245 | 1 | 0 |
_aObciążenia próbne konstrukcji istniejących budynków : _bmetodyka postępowania i kryteria oceny / _cBohdan Lewicki. |
| 246 | 1 | 1 | _aLoad testing of existing building structures |
| 260 |
_aWarszawa : _bWydawnictwa ITB, _c1997. |
||
| 300 |
_a47 s. : _bwykr. ; _c24 cm. |
||
| 490 | 1 |
_aPrace Naukowe Instytutu Techniki Budowlanej. Monografie = _aScientific Paper of the Building Research Institute |
|
| 500 | _aTyt. równol.: "Load testing of existing building structures: procedure and criteria". | ||
| 504 | _aBibliogr. s. 45-47. - Streszcz., summ. | ||
| 650 | 9 |
_aBudownictwo _xmechanika |
|
| 650 | 9 |
_aKonstrukcje budowlane _xbadanie _xmetody |
|
| 650 | 9 |
_aWytrzymałość materiałów _xbadanie _xmetody |
|
| 830 | 0 |
_aPrace Naukowe Instytutu Techniki Budowlanej. _pMonografie |
|
| 020 | _a8371306245 | ||
| 040 | _cBPK | ||
| 041 | 0 |
_apl _ben |
|
| 080 | _a624.01+621.04:620.17 | ||
| 920 | _a83-7130-624-5 | ||
| 942 | _cKS | ||
| 008 | s pl f |000 0 pol | ||
| 999 |
_c31377 _d31377 |
||
| 856 |
_uhttp://koha.tu.koszalin.pl/cgi-bin/koha/opac-detail.pl?biblionumber=31377 _yKatalog online BPK |
||